Griekse goden (namen) - Statistieken

Algemene statistieken
  • Deze quiz is 498 keer genomen
  • De gemiddelde score is 9 van 13
Antwoordstatistieken
Hint Antwoord % Correct
Oppergod en God van de hemel en bliksem Zeus
98%
Godin van de liefde en de schoonheid Aphrodite
81%
Godin van het huwelijk Hera
78%
God van de oorlog Ares
75%
God van de zee en de aardbevingen Poseidon
75%
God van de onderwereld (zit niet op de Olympus) Hades
74%
God van de handel en de boodschapper van de goden Hermes
69%
Godin van de wijsheid (en oorlogsstrategie) Athena
67%
God van onder anderen de zon en de muziek Apollo
66%
Godin van de maan en de jacht Artemis
63%
Godin van de landbouw en de oogst Demeter
58%
God van de wijn, het feesten, theater en het enthousiasme Dionysos
52%
God van de smeedkunst Hephaistos
48%
Geen overeenkomende quizzen gevonden
Scoreverdeling
Procent van Mensen met Elke Score
Percentiel versus Aantal Correcte Antwoorden
Uw Scoregeschiedenis
U heeft deze quiz nog niet genomen